|
|
|
|
| LEADER |
00947nam a2200253 a 4500 |
| 001 |
012603488 |
| 008 |
090712s2004 enk b 001 0 eng d |
| 020 |
|
|
|a 9780198314738
|
| 020 |
|
|
|a 0198314736
|
| 040 |
|
|
|a ukcu
|d Uk
|
| 082 |
0 |
4 |
|a 820.71241
|2 21
|
| 100 |
1 |
|
|a Croft, Steven.
|
| 245 |
1 |
0 |
|a Literature, criticism and style :
|b a practical guide to advanced level english literature
|
| 250 |
|
|
|a Rev. ed.
|
| 260 |
|
|
|a Oxford :
|b Oxford University Press,
|c 2004
|
| 300 |
|
|
|a iv, 345p. ;
|c 25cm.
|
| 504 |
|
|
|a includes index.
|
| 541 |
1 |
|
|e 00013972
|
| 650 |
|
0 |
|a English literature
|x Examinations
|v study guides.
|
| 650 |
|
0 |
|a English Literature
|x History and criticism.
|
| 700 |
1 |
|
|a Cross, Helen,
|d 1959-
|
| 852 |
4 |
|
|a Ayesha Abed Library
|j General shelf
|
| 999 |
|
|
|c 2310
|d 2310
|
| 952 |
|
|
|0 0
|1 4
|2 ddc
|4 0
|6 820_712410000000000_CRO
|7 0
|9 2133
|a BRACUL
|b BRACUL
|c GEN
|d 2009-07-13
|l 0
|o 820.71241 CRO
|p 3010013972
|r 2009-07-13
|t 1
|w 2009-07-13
|y BK
|x Koha Inventory 2020
|